000 00474nam a2200181Ia 4500
001 1635
005 20260306143743.0
008 260306t2009||||xx |||||||||||||| ||spa||
041 _aESP
082 _a153.9
_bC269
100 _aCoyle, Dan
_eAUT
245 0 _aLas claves del talento:
_b¿Quién dijo que el talento e innato? Aprende a desarrollarlo.
260 _c2009
300 _a234 páginas :
_c24 cm.
650 _aGEN
654 _aCPS
942 _cLIB
_dJUS
_fJUS
_2ddc
_n
999 _c1635
_d1635